Syura di dalam pemerintahan Islam : suatu perbandingan dengan sistem demokrasi berparlimen /
محفوظ في:
| المؤلف الرئيسي: | |
|---|---|
| التنسيق: | أطروحة |
| اللغة: | English |
| منشور في: |
Petaling Jaya
: Universiti Islam Antarabangsa Malaysia,
1992
|
| الموضوعات: | |
| الوصول للمادة أونلاين: | Click here to view 1st 24 pages of the thesis. Members can view fulltext at the specified PCs in the library. |
| الوسوم: |
إضافة وسم
لا توجد وسوم, كن أول من يضع وسما على هذه التسجيلة!
|
| LEADER | 012970000a22002770004500 | ||
|---|---|---|---|
| 001 | 68034 | ||
| 005 | 20080812115800.0 | ||
| 008 | 791012s1992 eng | ||
| 035 | |a 257510 | ||
| 035 | |a (Sirsi) 68034 | ||
| 040 | |a UIAM |b eng | ||
| 049 | |b m | ||
| 050 | |a BP158.4B1 | ||
| 100 | 0 | |a Wan Mohd Zakri Wan Daud | |
| 245 | 1 | 0 | |a Syura di dalam pemerintahan Islam : |b suatu perbandingan dengan sistem demokrasi berparlimen / |c oleh Wan Mohd Zakri bin Wan Daud |
| 260 | 1 | |a Petaling Jaya |b : Universiti Islam Antarabangsa Malaysia, |c 1992 | |
| 300 | |a 81 p. | ||
| 502 | |a (D.A.I.J.)--Universiti Islam Antarabangsa Malaysia, 1992 | ||
| 596 | |a 1 | ||
| 650 | 0 | |a Advisory opinions (Islamic law) |x Early works to 1800 | |
| 650 | 0 | |a Constitutional law (Islamic law) | |
| 856 | 4 | |u http://studentrepo.iium.edu.my/handle/123456789/1853 |z Click here to view 1st 24 pages of the thesis. Members can view fulltext at the specified PCs in the library. | |
| 900 | |a bal-naw | ||
| 999 | |c 430255 |d 461746 | ||
| 952 | |0 0 |6 T BP158.4B1W248S 1992 |7 0 |8 THESES |9 749413 |a IIUM |b IIUM |c MULTIMEDIA |g 0.00 |o t BP158.4B1W248S 1992 |p 00010981851 |r 2017-10-17 |t 1 |v 0.00 |y THESIS | ||
| 952 | |0 0 |6 LU T BP158.4B1W248S 1992 |7 0 |8 THESES |9 749414 |a IIUM |b IIUM |c CLOSEACCES |g 0.00 |o lu t BP158.4B1W248S 1992 |p 00000264305 |r 2017-10-24 |t 1 |v 0.00 |y THESIS | ||
